000 00495nam a22001817a 4500
005 20230403161437.0
008 230403b |||||||| |||| 00| 0 eng d
020 _a978818-5731933
041 _aeng
082 _a615.7 BRA-B
100 _aBRAHMANKAR, D M AND JAISWAL ,SUNIL B.
_97750
245 _aBIOPHARMACUETICS AND PHARMACOKINETICS - A TREATISE
250 _a3rd ed.
260 _bVALLABH PRAKASHAN
_c2022
300 _a544;P.
650 _aPHARMACY
_xB. PHARMA
_97751
942 _cBK
999 _c8286
_d8284